Game for Cyber Polygon with aim on server security

Enregistré dans:
Détails bibliographiques
Auteur principal: Jančovič, Branislav (Auteur)
Autres auteurs: Hudec, Ladislav (Directeur de thèse)
Format: Manuscrit Livre
Langue:slovaque
anglais
Publié: 2024
Sujets:
Accès en ligne:http://is.stuba.sk/zp/portal_zp.pl?podrobnosti=177092
Tags: Ajouter un tag
Pas de tags, Soyez le premier à ajouter un tag!

MARC

LEADER 00000ntm a22000003a 4500
001 stuzp100181
003 SK-STU
005 20240608213609.4
007 ta
008 150427s2015----xo-----f-mn---000-0-slo-d
040 |a STU  |b slo 
041 0 |a eng 
100 1 |a Jančovič, Branislav  |u 070400  |4 aut  |U FIIT Fakulta informatiky a informačných technológií  |T FIIT Ústav počítačového inžinierstva a aplikovanej informatiky  |X 102965  |U I400  |Y 672  |7 102965 
242 0 1 |a Hra pre Kybernetický Polygón so zameraním na bezpečnosť serverov  |y slo 
245 1 0 |a Game for Cyber Polygon with aim on server security 
260 |c 2024 
650 4 |a KYPO  |2 slo 
650 4 |a červený tím  |2 slo 
650 4 |a modry tím  |2 slo 
650 4 |a zdieľanie pieskoviska  |2 slo 
650 4 |a red team  |2 eng 
650 4 |a blue team  |2 eng 
650 4 |a sandbox sharing  |2 eng 
650 4 |a KYPO  |2 eng 
700 1 |a Hudec, Ladislav  |u 070400  |k Z1  |4 ths  |U FIIT Fakulta informatiky a informačných technológií  |T FIIT Ústav počítačového inžinierstva a aplikovanej informatiky  |X 2081  |U I400  |Y 672  |7 2081 
856 4 |u http://is.stuba.sk/zp/portal_zp.pl?podrobnosti=177092